Archegoniate: (Record no. 198183)

MARC details
000 -LEADER
fixed length control field 00800nam a22002177a 4500
005 - DATE AND TIME OF LATEST TRANSACTION
control field 20231212113423.0
010 ## - LCCN (DPL NO)
LC control number ENG-138004
020 ## - INTERNATIONAL STANDARD BOOK NUMBER
International Standard Book Number 9789390434794
Terms of availability 425.00
035 ## - SYSTEM CONTROL NUMBER
System control number EN-121536
037 ## - SOURCE OF ACQUISITION
Source of stock number/acquisition DBAD/PUB
082 ## - DEWEY DECIMAL CLASSIFICATION NUMBER
Classification number 588
Edition number First 2021
100 ## - MAIN ENTRY--PERSONAL NAME
Personal name Bariah, Debahooti
245 ## - TITLE STATEMENT
Title Archegoniate:
Statement of responsibility, etc By Debahooti Bariah and Phatik Tamuli
Remainder of title A Textbook for UG and Pg Students/
250 ## - EDITION STATEMENT
Edition statement First 2021
260 ## - PUBLICATION, DISTRIBUTION, ETC. (IMPRINT)
Place of publication, distribution, etc Assam
Name of publisher, distributor, etc EBH Publishers (India)
Date of publication, distribution, etc 2021
270 ## - ADDRESS
City Assam
Address 136, M.L. Nehru Road, Panbazar, Guwahati
Postal code 781001
Telephone number +913612513876
-- +913612519231
-- 9207045352
Fax number +913612519231
Electronic mail address easternbookhouse@gmail.com
300 ## - PHYSICAL DESCRIPTION
Extent 250p.
Dimensions 24cm(pbk)
Other physical details index
500 ## - GENERAL NOTE
General note A Textbook For UG and PG Students
700 ## - ADDED ENTRY--PERSONAL NAME
Personal name Tamuli, Phatik
9 (RLIN) 56695
942 ## - ADDED ENTRY ELEMENTS (KOHA)
Source of classification or shelving scheme Dewey Decimal Classification
Item type English Books
Classification part 588
Call number suffix BAR
Holdings
Withdrawn status Lost status Not for loan Collection code Home library Current library Date acquired Source of acquisition Cost, normal purchase price Full call number Barcode Copy number Cost, replacement price Koha item type
      Non-fiction Vinoba Puri Vinoba Puri 15/09/2023 DBAD/PUB 425.00 588 BAR EN-121536 1 425.00 English Books

© Delhi Public Library
Hit Counter
free hit counter